| 000 | 00586nam a2200217 a 4500 | ||
|---|---|---|---|
| 005 | 20161128104335.0 | ||
| 008 | 140305b1991 sp ||||| |||| 00| 0 spa d | ||
| 041 | _aspa | ||
| 044 | _asp | ||
| 090 |
_aLB _b02257 |
||
| 100 |
_aDance S., S. Peter _915974 |
||
| 245 | _aGrabados clasicos de historia natural mariposas | ||
| 260 |
_aMadrid _bEditorial Libsa _c1991 |
||
| 300 | _a127 p. | ||
| 650 |
_aInsectos _915975 |
||
| 650 |
_aLepidópteros _94756 |
||
| 650 |
_aMariposas _915976 |
||
| 650 |
_915977 _aIlustración |
||
| 700 |
_aHancock, E. Geoffrey _915978 |
||
| 942 |
_cImpreso _01 _2z |
||
| 999 |
_c2442 _d2442 |
||